=LDR 00000nam 2200000 4500 =001 INLIS000000000011500 =005 20130612103045 =008 ***********************************Ind** =035 ##$$0010-061300000011500 =041 ##$$a Ind =082 ##$$a 382.4 =090 ##$$a 382.4, Naz k =100 ##$$a Nazaruddin =245 ##$$a Komoditi ekspor pertanian tanaman perkebunan, rempah, dan obat, Nazaruddin =260 ##$$a 1993 $b Jakarta =300 ##$$a VIII, 132 hlm., 21 cm =650 ##$$a Komoditi ekspor =850 ##$$a NBPNMAT =990 ##$$a 14221422 =990 ##$$a 01201901422 =990 ##$$a 00034413 =990 ##$$a 00086867